Catálogo

Vista normal Vista MARC

Entrada Personal Name

Número de registros utilizados en: 1

001 - CONTROL NUMBER

  • control field: 9661

003 - CONTROL NUMBER IDENTIFIER

  • control field: DLC

005 - DATE AND TIME OF LATEST TRANSACTION

  • control field: 20190724113314.0

008 - FIXED-LENGTH DATA ELEMENTS

  • fixed length control field: 890209n| azannaab |a aaa

010 ## - LIBRARY OF CONGRESS CONTROL NUMBER

  • LC control number: n 88107030

040 ## - CATALOGING SOURCE

  • Original cataloging agency: DLC
  • Language of cataloging: spa
  • Description conventions: rda
  • Transcribing agency: Mx-PuUPA
  • Modifying agency: OCoLC
  • Modifying agency: DLC
  • Modifying agency: Mx-PuUPA

100 1# - HEADING--PERSONAL NAME

  • Personal name: Angel, Edward,

372 ## - FIELD OF ACTIVITY

  • Field of activity: Informática

374 ## - OCCUPATION

  • Occupation: Autor

375 ## - GENDER

  • Gender: hombre

377 ## - ASSOCIATED LANGUAGE

  • Language code: eng

400 1# - SEE FROM TRACING--PERSONAL NAME

  • Personal name: Ėndzhel, Ė.

400 1# - SEE FROM TRACING--PERSONAL NAME

  • Personal name: Angel, Ed

670 ## - SOURCE DATA FOUND

  • Source citation: His Computer graphics, c1990:
  • Information found: CIP t.p. (Edward Angel; Univ. of New Mexico)

670 ## - SOURCE DATA FOUND

  • Source citation: LC data base, 2/6/89
  • Information found: (hdg.: Angel, Edward)

670 ## - SOURCE DATA FOUND

  • Source citation: OCLC data base, 11/12/92
  • Information found: (hdg.: Angel, Edward; usage: Edward Angel; Edward S. Angel; Ė. Ėndzhel)

670 ## - SOURCE DATA FOUND

  • Source citation: Interactive computer graphics, 2019
  • Information found: ECIP t.p. (Edward Angel, University of New Mexico) galley preface (Ed Angel)

670 ## - SOURCE DATA FOUND

  • Source citation: Interactive computer graphics, 1997
  • Information found: t.p. (Edward Angel)

670 ## - SOURCE DATA FOUND

  • Source citation: Biblioteca del congreso (Estados Unidos), 24 julio 2019:
  • Information found: catálogo electrónico
  • Uniform Resource Identifier: https://authorities.loc.gov/cgi-bin/Pwebrecon.cgi?AuthRecID=3469389&v1=1&HC=1&SEQ=20190724122704&PID=OOM_V--MEZ55Snc4JAexIFcxI